México en el actual proceso centroamericano Berenice Patricia Ramírez López

Uloženo v:
Podrobná bibliografie
Hlavní autor: Ramírez López, Berenice Patricia
Médium: Text
Jazyk:Spanish
Vydáno: Mexico :
Témata:
Tagy: Přidat tag
Žádné tagy, Buďte první, kdo vytvoří štítek k tomuto záznamu!

MARC

LEADER 00000 a a2200000 04500
003 cru CIDCACS/IIS
005 20191119135453.0
008 191119b ||||| |||| 00| 0 spa d
999 |c 42610  |d 42610 
040 |c cru CIDCACS/IIS 
100 |a Ramírez López, Berenice Patricia  
245 1 |a México en el actual proceso centroamericano   |b Berenice Patricia Ramírez López 
260 |a Mexico :  
300 |a páginas 343-347 
650 0 |9 3691  |a POLITICA 
650 0 |9 64  |a CAPITALISMO 
650 0 |9 143  |a ECONOMIA 
651 0 |9 3410  |a MEXICO 
942 |2 ddc  |c PP 
773 0 |0 42391  |9 3836  |a Agencia Latinoamericana de Información, ALAI  |d Quito, Ecuador: ALAI  |o 04401  |t ALAI:  |x 08275564 (Servicio mensual de información y documentación)